Catálogo público

Empleo, desempleo y subempleo en el sector agropecuario : dos estudios de caso Sun-Valle de Toluca y Mixteca Baja / (Record no. 170606)

MARC details
000 -CABECERA
campo de control de longitud fija 00826nam a2200253Ia 4500
001 - NÚMERO DE CONTROL
campo de control dia_174
003 - IDENTIFICADOR DEL NÚMERO DE CONTROL
campo de control CHAP
005 - FECHA Y HORA DE LA ÚLTIMA TRANSACCIÓN
campo de control 20221208131624.0
008 - DATOS DE LONGITUD FIJA--INFORMACIÓN GENERAL
campo de control de longitud fija 220117s1976 xx 000 0 und d
010 ## - NÚMERO DE CONTROL DE LA BIBLIOTECA DEL CONGRESO
Número de control de LC 170606
040 ## - FUENTE DE LA CATALOGACIÓN
Centro/agencia transcriptor CHAP
082 ## - NÚMERO DE LA CLASIFICACIÓN DECIMAL DEWEY
Número de clasificación 331.763 B37 1976
100 ## - ENTRADA PRINCIPAL--NOMBRE DE PERSONA
Nombre de persona Barbosa-Ramírez, A. René
9 (RLIN) 10125
245 ## - MENCIÓN DE TÍTULO
Título Empleo, desempleo y subempleo en el sector agropecuario : dos estudios de caso Sun-Valle de Toluca y Mixteca Baja /
Mención de responsabilidad, etc. A. René Barbosa Ramírez
260 ## - PUBLICACIÓN, DISTRIBUCIÓN, ETC.
Lugar de publicación, distribución, etc. México :
Nombre del editor, distribuidor, etc. Secretaría de Agricultura y Ganadería,
Fecha de publicación, distribución, etc. 1976
300 ## - DESCRIPCIÓN FÍSICA
Extensión 367 p.
503 ## - NOTA DE HISTORIA BIBLIOGRÁFICA (BK CF MU) [OBSOLETO]
Nota de historia bibliográfica C/e
504 ## - NOTA DE BIBLIOGRAFÍA, ETC.
Nota de bibliografía, etc. Bibliografía: p. 361-367
650 ## - PUNTO DE ACCESO ADICIONAL DE MATERIA--TÉRMINO DE MATERIA
Término de materia o nombre geográfico como elemento de entrada Desempleo agropecuario
9 (RLIN) 147476
901 ## - ELEMENTOS DE DATOS A LOCAL LDA (RLIN)
a 331.763 B37 1976
902 ## - ELEMENTOS DE DATOS B LOCAL, LDB (RLIN)
a M
905 ## - ELEMENTOS DE DATOS E LOCAL, LDE (RLIN)
a 0000001976 mx mn 0000000000spa00
942 ## - ELEMENTOS DE PUNTO DE ACCESO ADICIONAL (KOHA)
Tipo de ítem Koha Libro
Fuente del sistema de clasificación o colocación Dewey Decimal Classification
Holdings
Estado de retiro Estado de pérdida Fuente del sistema de clasificación o colocación Estado dañado No para préstamo Código de colección Localización permanente Ubicación/localización actual Fecha de adquisición Información codificada de la localización en otra ubicación Total de préstamos Signatura topográfica completa Código de barras Fecha visto por última vez Número de copia Precio válido a partir de Tipo de ítem Koha
    Dewey Decimal Classification     General Ingenieria Agroindustrial Ingenieria Agroindustrial 18/01/2022 1   331.763 B37 1976 dia_000995 18/01/2022 1 18/01/2022 Libro